Damso en feat - Statistiques

Statistiques générales
  • Ce quiz a été pris 67 fois
  • Le résultat moyen est 6 sur 12
Statistiques - réponses
Projet Titre Artiste % Correct
QALF Infinity BXL Zoo Hamza
89%
Lithopédion Silence Angèle
84%
J'ai menti Tout tenter Angèle
84%
J'ai menti Alpha Kalash
82%
BĒYĀH Magic I.A
51%
J'ai menti Limbisa Ngai Kalash Criminel
49%
QALF Infinity Coeur en miettes Lous And The Yakuza
44%
QALF Infinity Chialer YG Pablo
42%
BĒYĀH Pa Pa Paw Sarah Sey
40%
QALF Infinity Fais ça bien Fally Ipupa
35%
J'ai menti Mony Michkavie
22%
Ipséité Peur d'être père Youri
22%
Aucun quiz correspondant
Distribution des résultats
% des personnes avec chaque résultat
Percentile par nombre de réponses
Votre historique - résultats
Vous n’avez pas pris ce quiz